000 00563nam a2200217Ia 4500
003 OSt
005 20220928144952.0
006 a|||||r|||| 00| 0
007 ta
008 220927b |||||||| |||| 00| 0 eng d
024 _a77564
037 _cTextual
040 _aSDCL
_cSDCL
_beng
041 _2eng
_aeng
082 _aUf58, L3 RR
100 _aDenoyer Philip L
_9510762
245 0 _aH- 29 growth of Russia, 1462- 1939.
260 _c1973
942 _hUf58, L3 RR
_cTEXL
_2CC
999 _c830892
_d830892